¿Aprendiendo a ser mejores demócratas?: el papel de las prácticas informales en las experiencias de presupuestos participativos en Brasil /
La autora amplifica para el caso brasileño, el análisis de las repercusiones de los presupuestos participativos, contrastando el caso de Porto Alegre, el cual obtuvo resultados positivos de apertura y transparencia, con respecto a los casos de Belo Horizonte y Recife, en el que se observa como resul...
Gespeichert in:
| 1. Verfasser: | |
|---|---|
| Format: | Text |
| Sprache: | Spanish |
| Schlagworte: | |
| Tags: |
Tag hinzufügen
Keine Tags, Fügen Sie den ersten Tag hinzu!
|
MARC
| LEADER | 00000 a a2200000 04500 | ||
|---|---|---|---|
| 001 | 46883 | ||
| 003 | cru CIDCACS/IIS | ||
| 005 | 20220811161241.0 | ||
| 007 | ta | ||
| 008 | 180821b mx ||||| |||| 00| 0 spa d | ||
| 040 | |c cru CIDCACS/IIS | ||
| 090 | |a 04.02.02 C182n | ||
| 100 | |a Montambeault, Francoise | ||
| 245 | |a ¿Aprendiendo a ser mejores demócratas?: |b el papel de las prácticas informales en las experiencias de presupuestos participativos en Brasil / |c Francoise Montambeault | ||
| 520 | |a La autora amplifica para el caso brasileño, el análisis de las repercusiones de los presupuestos participativos, contrastando el caso de Porto Alegre, el cual obtuvo resultados positivos de apertura y transparencia, con respecto a los casos de Belo Horizonte y Recife, en el que se observa como resultado, la captura de dicho mecanismo por parte de las élites gobernantes con prácticas clientelares. En el análisis se evidencia la contraposición entre la democracia directa y la democracia participativa, en la que la naturaleza de los partidos políticos es un factor determinante de los resultados de dicho mecanismo. | ||
| 650 | 0 | |9 83 |a DEMOCRACIA | |
| 650 | 4 | |9 1963 |a GOBIERNO LOCAL | |
| 650 | 4 | |9 3207 |a PARTICIPACION POLITICA | |
| 650 | 0 | |9 2125 |a PARTICIPACION SOCIAL | |
| 650 | 0 | |9 3544 |a ELABORACIÓN DEL PRESUPUESTO | |
| 650 | 0 | |9 7476 |a FINANZAS LOCALES | |
| 650 | 0 | |9 3392 |a CLASE DIRIGENTE | |
| 650 | 0 | |9 4500 |a CLIENTELISMO POLITICO | |
| 651 | 0 | |9 387 |a BRASIL | |
| 773 | |a páginas 137-165 | ||
| 942 | |2 ddc |c LI | ||
| 999 | |c 26984 |d 26984 | ||
